000
00319nam a2200133Ia 4500
008
240624s9999 xx 000 0 und d
041
_a
eng
082
_a
658.4 FIN
100
_a
FINCH BRIAN
245
_a
HOW TO WRITE A BUSINESS PLAN
260
_c
2016
_a
London
_b
Kogan Page
300
_a
180 p.; 20 cm.
365
_c
RS
999
_c
31859
_d
31859